1592 1952 1511 1275 1205 1488 1425 1591 1744 1123 1088 1536 1926 1386 1341 1638 1715 1161 1441 1600 1209 1207 1263 1508 1840 1826 1979 1647 1652 1773 1705 1928 1000 1646 1525 1087 1334 1368 1093 1605 1507 1861 1793 1390 1541 1438 1573 1665 1454 1014 1557 1713 1397 1488 1956 1423 1523 1948 1792 1761 1500 1578 1564 1647 1554 1998 1764 1000 1791 1650 1581 1209 1356 1420 1495 1480 1379 1069 1300 1962 1377 1965 1669 1301 1454 1206 1024 1139 1573 1529 1739 1063 1066 1061 1849 1221 1983 1368 1150 BCNSPRNW ULIB Ver.6.0+V

เปลี่ยนเป็นภาษาไทย

Change to English
 แสดงรายละเอียดบรรณานุกรม
  กลับหน้าหลัก

Brief Record : Get Marc (ISO 2709) : E-mail record : QR code < ปิดหน้าต่าง
LEADER : 00000nam 2200000uu 4500
001    13399121611
003     ULIB
008    121127s2550||||th 000 0 tha d
099    วจ.WY85^bส765
100 0  สุดกัญญา ปานเจริญ
245 00 ความสัมพันธ์ระหว่างการจัดการเรียนการสอนกับพฤติกรรมทางจริยธรรมของนักศึกษาพยาบาลวิทยาลัยพยาบาลบรมราชชนนีสวรรค์ประชารักษ์ นครสวรรค์/^cสุดกัญญา ปานเจริญ, รพีพรรณ วิบูลวัฒนกิจ และ จิราจันทร์ คณฑา
260    นครสวรรค์:^bวิทยาลัยพยาบาลบรมราชชนนีสวรรค์ประชารักษ์,^c2550
300    84 หน้า
650  7 การจัดการเรียนการสอน^xวิจัย
650  7 นักศึกษาพยาบาล^xวิจัย
650  0 จริยธรรม^xวิจัย
700 0  รพีพรรณ วิบูลวัฒนกิจ
700 0  จิราจันทร์ คณฑา
710 2  วิทยาลัยพยาบาลบรมราชชนนีสวรรค์ประชารักษ์ นครสวรรค์
945    ^p0^l0^i033140
995    ทศพร
999 ^a ใช้งานได้ทุกระบบ
รายการนี้ยังไม่มีแท็ก
คุณยังไม่ได้ล็อกอิน คุณสามารถมีกิจกรรมร่วมกับเว็บไซต์ได้ แต่ต้องล็อกอินก่อน ::
  ล็อกอิน

รายการสื่อสารสนเทศ

ลำดับที่ ประเภท เลขเรียก/บาร์โค้ด สถานที่ สถานะ
1. งานวิจัย
งานวิจัย
วจ.WY85 ส765 ฉ.1 
  Barcode: 033140
ห้องสมุดวิทยาเขตสวรรค์ประชารักษ์
►วิจัย
บนชั้น

รายการใกล้เคียง
    ผู้แต่ง [สุดกัญญา ปานเจริญ]

BibComment


ยังไม่เคยถูกคอมเมนท์

คอมเมนท์ทรัพยากรรายการนี้
  คอมเมนท์: ความสัมพันธ์ระหว่..


 Copyright 2026. Bcnsprnw @Library